Culture Générale - Série 1348 - Statistiques

Statistiques générales
  • Ce quiz a été pris 115 fois
  • Le résultat moyen est 4 sur 10
Statistiques - réponses
Question Réponse % Correct
Quelle cuirasse protectrice recouvre le corps des tortues ? carapace
86%
Dans quel film de Christophe Barratier entend-on la chanson : "Vois sur ton chemin" ? Les Choristes
79%
Quel est le plus septentrional (plus au nord) des pays Baltes ? Estonie
75%
Avec le français, l'allemand et l'italien, quelle est la quatrième langue officielle de la Suisse ? romanche
54%
Comment s'appelle le petit du chameau et de la chamelle ? chamelon
45%
Dans quelle tragédie de Shakespeare Desdémone est-elle assassinée par son mari ? Othello
35%
Dans quel pays européen se situe la ville de Nis ? Serbie
26%
Quel boxeur argentin fut champion du monde dans la catégorie des poids moyens de 1970 à 1977 ? Carlos Monzon
22%
Dans la série “Ma Sorcière bien-aimée”, qui surnomme son gendre Jean-Piètre ? Endora
17%
Dans une fable de La Fontaine, à quel insecte le lion dit-il : "Va-t-en, chétif insecte, excrément de la terre !" ? Le moucheron
1%
Aucun quiz correspondant
Distribution des résultats
% des personnes avec chaque résultat
Percentile par nombre de réponses
Votre historique - résultats
Vous n’avez pas pris ce quiz